Die Abenteuer des Braven Soldaten Schwejk (Record no. 6085)

MARC details
000 -CABECERA
campo de control de longitud fija 00670nam a2200229 a 4500
001 - NÚMERO DE CONTROL
campo de control BRCA_6400
005 - FECHA Y HORA DE LA ÚLTIMA TRANSACCIÓN
campo de control 20190320205435.0
008 - DATOS DE LONGITUD FIJA--INFORMACIÓN GENERAL
campo de control de longitud fija 070911s1963----gw-#######---#000-0#ger-#
041 ## - CÓDIGO DE LENGUA
Código de lengua del texto/banda sonora o título independiente ger
044 ## - CÓDIGO DEL PAÍS DE LA ENTIDAD EDITORA/PRODUCTORA
Código MARC del país gw
050 #4 - SIGNATURA TOPOGRÁFICA DE LA BIBLIOTECA DEL CONGRESO
Número de clasificación PG5038
Número de documento/Ítem .H28 2 1963
100 1# - ENTRADA PRINCIPAL--NOMBRE DE PERSONA
Nombre de persona Hasek, Jaroslav
Fechas asociadas al nombre 1883-1923.
9 (RLIN) 16009
245 10 - MENCIÓN DE TÍTULO
Título Die Abenteuer des Braven Soldaten Schwejk
Mención de responsabilidad, etc. Jaroslav Hasek ; illustriert von Josef Lada.
260 ## - PUBLICACIÓN, DISTRIBUCIÓN, ETC.
Lugar de publicación, distribución, etc. Alemania
Nombre del editor, distribuidor, etc. Rowohlt
Fecha de publicación, distribución, etc. 1963
300 ## - DESCRIPCIÓN FÍSICA
Extensión 336 p. (v.2)
Otras características físicas il.
Dimensiones 19 cm.
500 ## - NOTA GENERAL
Nota general Ver también CDE5
500 ## - NOTA GENERAL
Nota general CDE12
650 14 - PUNTO DE ACCESO ADICIONAL DE MATERIA--TÉRMINO DE MATERIA
Término de materia o nombre geográfico como elemento de entrada Primera Guerra Mundial
Subdivisión de forma Ficción
Subdivisión cronológica 1914-1918
9 (RLIN) 16010
700 1# - PUNTO DE ACCESO ADICIONAL--NOMBRE DE PERSONA
Nombre de persona Lada, Josef
9 (RLIN) 16011
902 ## - CATALOGADOR
Iniciales GFM
942 ## - ELEMENTOS DE PUNTO DE ACCESO ADICIONAL (KOHA)
Fuente del sistema de clasificación o colocación Library of Congress Classification
Tipo de ítem Koha Libros
Holdings
Estado de retiro Estado de pérdida Estado dañado No para préstamo Localización permanente Ubicación/localización actual Fecha de adquisición Número de inventario Total de préstamos Signatura topográfica completa Código de barras Fecha visto por última vez Precio válido a partir de Tipo de ítem Koha
El ejemplar forma parte de la colección y puede ser consultado según las políticas vigentes.       Biblioteca del Museo Franz Mayer (Rogerio Casas-Alatriste) Biblioteca del Museo Franz Mayer (Rogerio Casas-Alatriste) 07/09/2011 CDE12   PG5038 .H28 2 1963 (CDE12) 6847 22/03/2019 22/03/2019 Libros